Los fichajes más caros del fútbol - Nacidos en 2002 - Estadísticas

Estadísticas generales
  • Esta prueba ha sido intentada 55 veces
  • La puntuación promedio es 6 de 10
Estadísticas de respuestas
Coste (M €) Temporada Nacionalidad Último club Nuevo club Jugador % Correcto
90,00 2023-2024 Croacia RB Leipzig Manchester City Josko Gvardiol
100%
36,80 2021-2022 Croacia Dinamo Zagreb RB Leipzig Josko Gvardiol
100%
60,00 2023-2024 Bélgica Stade Rennes Manchester City Jérémy Doku
96%
47,00 2023-2024 Inglaterra Manchester City Chelsea Cole Palmer
94%
40,00 2023-2024 Países Bajos Bayern Múnich Liverpool Ryan Gravenberch
53%
38,00 2022-2023 Portugal Sporting Lisboa PSG Nuno Mendes
51%
45,00 2023-2024 Francia Lyon PSG Bradley Barcola
49%
35,00 2022-2023 Inglaterra PSV Eindhoven Chelsea Noni Madueke
36%
40,00 2020-2021 Portugal Oporto Wolverhampton Fábio Silva
23%
37,20 2023-2024 Inglaterra Southampton Newcastle United Tino Livramento
17%
No se encontraron pruebas coincidentes
Distribución de puntuación
Porcentaje de gente con cada puntuación
Porcentaje por número respondido
Historial de tus puntuaciones
No has intentado esta prueba.